00382nam a2200145Ia 4500008004100000020001500041041001200056082001100068100001700079245006500096260003600161300000800197650001500205700001600220221030s9999 xx 000 0 und d a812190868X aEnglish a105.23 aR. S. Khurmi 2aA Text Book of Workshop Technology - Manufacturing Processes bS. Chand & Co.aNew Delhic2010 a551 aMechanical aJ. K. Gupta